[Event "SVK-chT2D 0607"]
[Site "Slovakia"]
[Date "2006.11.25"]
[Round "3.2"]
[White "Hegenbart, Jozef"]
[Black "Cuker, Dusan"]
[Result "0-1"]
[WhiteElo "1642"]
[BlackElo "2033"]
[PlyCount "50"]
[EventDate "2006.10.14"]
[EventType "team-tourn"]
[EventRounds "11"]
[EventCountry "SVK"]
[SourceTitle "EXT 2008"]
[Source "ChessBase"]
[SourceDate "2007.11.25"]
[SourceVersion "1"]
[SourceVersionDate "2007.11.25"]
[SourceQuality "1"]
[WhiteTeam "Spisska Nova Ves"]
[BlackTeam "Sabinov"]
[WhiteTeamCountry "SVK"]
[BlackTeamCountry "SVK"]

1. d4 e6 2. c4 b6 3. Nf3 Bb7 4. e3 Nf6 5. Be2 Bb4+ 6. Nbd2 Ne4 7. 0-0 f5 8. a3 Bxd2 9. Bxd2 d6 10. Bc1 Nd7 11. Qc2 0-0 12. b4 Qe7 13. Rd1 Ndf6 14. h3 g5 15. g3 g4 16. Nh4 gxh3 17. Bf3 Ng4 18. Bxg4 fxg4 19. Rf1 d5 20. Qe2 Qg5 21. cxd5 Bxd5 22. Kh2 Rf7 23. f4 gxf3 24. Nxf3 Qxg3+ 25. Kh1 Nf2+ 0-1